000 01105nam a2200301 u 4500
001 000003174
003 DO-SdBNP
005 20250701132841.0
007 ta
008 090707s1977 dr 001 0dspa d
040 _aDO-SdBNP
_bspa
_cBNPHU
082 4 _a338.7293
_bH565u
_222
100 1 _aHerrera Miniño, Fabio,
_d1939 -
_910028
245 1 0 _aUna estrategia para el desarrollo dominicano /
_cFabio Herrera Miniño ; prólogo. Virgilio Alcántara.
260 _a[Santo Domingo] :
_bUniversidad Católica Madre y Maestra,
_c1977.
300 _a131 p. ;
_c22 cm
504 _aBibliografía : p.131.
590 _aInventariado, 2018 / DG
650 0 _aPolítica económica
_984931
650 0 _aDesarrollo económico
_985548
650 4 _aPotencial de crecimiento
_yREPÚBLICA DOMINICANA
_910029
650 4 _aDesarrollo económico y social
_97372
651 4 _aRepública Dominicana
_xCondiciones Sociales
_946
651 4 _aRepública Dominicana
_xCondiciones Económicas
_9281
700 _aAlcántara, Virgilio
_eprólogo
_96466
910 _aValidado. Control de calidad EMS
942 _2ddc
_cLBS1
999 _c3005
_d3005